<?xml version="1.0" encoding="UTF-8"?>
<record
    xmlns:xsi="http://www.w3.org/2001/XMLSchema-instance"
    xsi:schemaLocation="http://www.loc.gov/MARC21/slim http://www.loc.gov/standards/marcxml/schema/MARC21slim.xsd"
    xmlns="http://www.loc.gov/MARC21/slim">

  <leader>01399nam a22001937a 4500</leader>
  <controlfield tag="005">20250614092817.0</controlfield>
  <controlfield tag="008">250610b        |||||||| |||| 00| 0 eng d</controlfield>
  <datafield tag="020" ind1=" " ind2=" ">
    <subfield code="a">9788175993105</subfield>
  </datafield>
  <datafield tag="040" ind1=" " ind2=" ">
    <subfield code="c">AL</subfield>
  </datafield>
  <datafield tag="041" ind1=" " ind2=" ">
    <subfield code="a">English</subfield>
  </datafield>
  <datafield tag="082" ind1=" " ind2=" ">
    <subfield code="2">23</subfield>
    <subfield code="a">320.954</subfield>
    <subfield code="b">TAGN</subfield>
  </datafield>
  <datafield tag="100" ind1=" " ind2=" ">
    <subfield code="a">Rabindranath Tagore</subfield>
    <subfield code="9">215019</subfield>
  </datafield>
  <datafield tag="245" ind1=" " ind2=" ">
    <subfield code="a">Nationalism</subfield>
  </datafield>
  <datafield tag="260" ind1=" " ind2=" ">
    <subfield code="a">New Delhi</subfield>
    <subfield code="b">Fingerprint Classics</subfield>
    <subfield code="c">2021</subfield>
  </datafield>
  <datafield tag="300" ind1=" " ind2=" ">
    <subfield code="a">119 p.</subfield>
    <subfield code="b">PB</subfield>
    <subfield code="c">20x13 cm.</subfield>
  </datafield>
  <datafield tag="520" ind1=" " ind2=" ">
    <subfield code="a">Nationalism is a comprehensive exploration of the historical, political, and cultural phenomenon of nationalism. Written by Rabindranath Tagore, a renowned poet and philosopher, this thought-provoking book delves into the complexities and consequences of nationalistic fervor. Engaging readers with insightful analysis, Tagore challenges prevailing notions of patriotism and encourages a broader understanding of humanity.

A profound examination of the impact of nationalism on society and individual identity.
Tagore's eloquent prose that stimulates critical thinking and introspection.
Relevant and timely reflections on the pitfalls and potential of nationalist ideologies.
A valuable resource for students, scholars, and anyone interested in political and social theory.
A classic work that continues to inspire discussions on nationalism and its implications.</subfield>
  </datafield>
  <datafield tag="650" ind1=" " ind2=" ">
    <subfield code="2">Political Science</subfield>
    <subfield code="a">Political Situation and Condition</subfield>
    <subfield code="9">213843</subfield>
  </datafield>
  <datafield tag="942" ind1=" " ind2=" ">
    <subfield code="2">ddc</subfield>
    <subfield code="c">DB</subfield>
  </datafield>
  <datafield tag="999" ind1=" " ind2=" ">
    <subfield code="c">234381</subfield>
    <subfield code="d">234381</subfield>
  </datafield>
  <datafield tag="952" ind1=" " ind2=" ">
    <subfield code="0">0</subfield>
    <subfield code="1">0</subfield>
    <subfield code="2">ddc</subfield>
    <subfield code="4">0</subfield>
    <subfield code="7">0</subfield>
    <subfield code="8">PS</subfield>
    <subfield code="a">AL</subfield>
    <subfield code="b">AL</subfield>
    <subfield code="d">2025-05-20</subfield>
    <subfield code="g">128.00</subfield>
    <subfield code="l">0</subfield>
    <subfield code="o">320.954 TAGN</subfield>
    <subfield code="p">D06286</subfield>
    <subfield code="r">2025-06-10 10:06:30</subfield>
    <subfield code="v">128.00</subfield>
    <subfield code="w">2025-06-10</subfield>
    <subfield code="y">DB</subfield>
  </datafield>
</record>
